[Event "46th Greek Team Championship"]
[Site "chess24.com"]
[Date "2018.07.11"]
[Round "2"]
[White "Tsaknakis, Zisis"]
[Black "Giatrakos, Orestis"]
[Result "1-0"]
[Board "8"]
[WhiteElo "2170"]
[WhiteCountry "GRE"]
[WhiteFideId "4259963"]
[WhiteEloChange "3"]
[BlackElo "1860"]
[BlackCountry "GRE"]
[BlackFideId "4266897"]
[BlackEloChange "-3"]

1. Nf3 {[%clk 1:28:09]} c6 {[%clk 1:29:26]} 2. b3 {[%clk 1:25:02]} d5 {[%clk
1:28:40]} 3. Bb2 {[%clk 1:24:40]} Nf6 {[%clk 1:28:19]} 4. g3 {[%clk 1:24:54]} Bg4
{[%clk 1:27:51]} 5. Bg2 {[%clk 1:25:18]} Nbd7 {[%clk 1:28:09]} 6. O-O {[%clk
1:25:01]} Bxf3 {[%clk 1:28:02]} 7. exf3 {[%clk 1:23:38]} e6 {[%clk 1:28:11]} 8.
d3 {[%clk 1:23:54]} Be7 {[%clk 1:28:17]} 9. Nd2 {[%clk 1:24:12]} O-O {[%clk
1:28:40]} 10. f4 {[%clk 1:24:30]} a5 {[%clk 1:20:41]} 11. a3 {[%clk 1:20:19]} Re8
{[%clk 1:20:52]} 12. Nf3 {[%clk 1:19:33]} Qc7 {[%clk 1:19:58]} 13. Qe2 {[%clk
1:15:13]} Rac8 {[%clk 1:13:48]} 14. c4 {[%clk 0:58:56]} c5 {[%clk 1:10:55]} 15.
a4 {[%clk 0:55:04]} d4 {[%clk 1:10:36]} 16. Rae1 {[%clk 0:55:06]} Qb6 {[%clk
1:01:31]} 17. Qc2 {[%clk 0:55:26]} Bd6 {[%clk 1:01:50]} 18. Ne5 {[%clk 0:55:51]}
Bxe5 {[%clk 1:01:30]} 19. fxe5 {[%clk 0:56:14]} Ng4 {[%clk 1:01:55]} 20. Bh3
{[%clk 0:39:34]} Ngxe5 {[%clk 1:01:24]} 21. f4 {[%clk 0:39:54]} Ng6 {[%clk
0:56:38]} 22. f5 {[%clk 0:35:31]} exf5 {[%clk 0:56:55]} 23. Bxf5 {[%clk 0:35:54]}
Qd6 {[%clk 0:52:57]} 24. Qg2 {[%clk 0:30:22]} b6 {[%clk 0:50:40]} 25. Bc1 {[%clk
0:25:30]} Rcd8 {[%clk 0:46:56]} 26. Be4 {[%clk 0:16:25]} f6 {[%clk 0:41:20]} 27.
h4 {[%clk 0:14:01]} Rxe4 {[%clk 0:35:28]} 28. Rxe4 {[%clk 0:13:59]} Nge5 {[%clk
0:33:08]} 29. Bf4 {[%clk 0:13:47]} Qc6 {[%clk 0:32:46]} 30. g4 {[%clk 0:12:56]}
Kh8 {[%clk 0:29:09]} 31. Rfe1 {[%clk 0:12:02]} Rg8 {[%clk 0:28:53]} 32. Bxe5
{[%clk 0:07:44]} Nxe5 {[%clk 0:28:50]} 33. Rxe5 {[%clk 0:07:27]} Qxg2+ {[%clk
0:29:12]} 34. Kxg2 {[%clk 0:07:54]} fxe5 {[%clk 0:29:40]} 35. Rxe5 {[%clk
0:08:18]} Rb8 {[%clk 0:27:44]} 36. Kf3 {[%clk 0:05:16]} Kg8 {[%clk 0:28:07]} 37.
Ke4 {[%clk 0:04:13]} Rd8 {[%clk 0:28:21]} 38. Re6 {[%clk 0:04:39]} Kf7 {[%clk
0:28:13]} 39. Rxb6 {[%clk 0:04:28]} Re8+ {[%clk 0:28:40]} 40. Kd5 {[%clk
0:33:58]} Re3 {[%clk 0:59:04]} 41. Kxc5 {[%clk 0:31:13]} Rxd3 {[%clk 0:59:28]}
42. Rd6 {[%clk 0:18:49]} Rxb3 {[%clk 0:59:08]} 43. Rxd4 {[%clk 0:18:57]} Rb4
{[%clk 0:58:52]} 44. Rd7+ {[%clk 0:17:29]} Kf6 {[%clk 0:58:55]} 45. Kd5 {[%clk
0:12:24]} Rxa4 {[%clk 0:58:31]} 46. c5 {[%clk 0:11:26]} Ra1 {[%clk 0:58:48]} 47.
g5+ {[%clk 0:09:32]} Kg6 {[%clk 0:58:50]} 48. c6 {[%clk 0:09:31]} Rd1+ {[%clk
0:59:14]} 49. Ke6 {[%clk 0:09:43]} Rc1 {[%clk 0:59:36]} 50. Kd6 {[%clk 0:08:38]}
a4 {[%clk 1:00:00]} 51. Ra7 {[%clk 0:08:57]} Rd1+ {[%clk 1:00:07]} 52. Ke6 {[%clk
0:07:50]} Re1+ {[%clk 0:59:03]} 53. Kd7 {[%clk 0:05:20]} Rd1+ {[%clk 0:59:28]}
54. Ke7 {[%clk 0:05:15]} Rc1 {[%clk 0:59:01]} 55. c7 {[%clk 0:03:40]} Kh5 {[%clk
0:56:30]} 56. Kd8 {[%clk 0:04:02]} Rd1+ {[%clk 0:55:35]} 57. Ke8 {[%clk 0:04:18]}
Rc1 {[%clk 0:55:02]} 58. Kd8 {[%clk 0:04:44]} Rd1+ {[%clk 0:55:27]} 59. Kc8
{[%clk 0:05:12]} Kxh4 {[%clk 0:54:45]} 60. Kb8 {[%clk 0:05:37]} Rb1+ {[%clk
0:54:37]} 61. Rb7 {[%clk 0:05:30]} Rc1 {[%clk 0:54:30]} 62. c8Q {[%clk 0:05:52]}
Rxc8+ {[%clk 0:55:26]} 63. Kxc8 {[%clk 0:06:14]} g6 {[%clk 0:54:53]} 64. Rxh7+
{[%clk 0:06:15]} Kxg5 {[%clk 0:55:20]} 65. Kd7 {[%clk 0:06:29]} Kg4 {[%clk
0:55:27]} 66. Ke6 {[%clk 0:06:07]} g5 {[%clk 0:55:48]} 67. Ke5 {[%clk 0:04:44]}
Kf3 {[%clk 0:56:08]} 68. Rf7+ {[%clk 0:04:53]} Kg3 {[%clk 0:56:28]} 69. Kf5
{[%clk 0:05:08]} 1-0

[Event "46th Greek Team Championship"]
[Site "chess24.com"]
[Date "2018.07.11"]
[Round "2"]
[White "Kafantaris, Pavlos"]
[Black "Spyratos, Nikolaos"]
[Result "0-1"]
[Board "10"]
[WhiteElo "1380"]
[WhiteCountry "GRE"]
[WhiteFideId "25813897"]
[WhiteEloChange "-3"]
[BlackElo "1710"]
[BlackCountry "GRE"]
[BlackFideId "25835351"]
[BlackEloChange "3"]

1. Nf3 {[%clk 1:30:50]} d5 {[%clk 1:30:52]} 2. g3 {[%clk 1:30:42]} Nf6 {[%clk
1:30:52]} 3. Bg2 {[%clk 1:30:46]} c6 {[%clk 1:30:34]} 4. O-O {[%clk 1:30:22]} Bg4
{[%clk 1:30:18]} 5. d3 {[%clk 1:28:22]} Bxf3 {[%clk 1:23:46]} 6. Bxf3 {[%clk
1:28:34]} e5 {[%clk 1:24:06]} 7. Nd2 {[%clk 1:26:46]} Bd6 {[%clk 1:18:20]} 8. c4
{[%clk 1:22:02]} d4 {[%clk 1:17:30]} 9. Qc2 {[%clk 1:19:20]} Nbd7 {[%clk
1:16:47]} 10. a3 {[%clk 1:19:16]} a5 {[%clk 1:17:06]} 11. b3 {[%clk 1:14:36]} Qe7
{[%clk 1:10:56]} 12. Bb2 {[%clk 1:13:13]} O-O {[%clk 1:11:07]} 13. Ne4 {[%clk
1:11:23]} Nxe4 {[%clk 1:10:38]} 14. dxe4 {[%clk 1:05:31]} c5 {[%clk 1:03:02]} 15.
Qd3 {[%clk 0:59:49]} Nb8 {[%clk 0:59:51]} 16. Bc1 {[%clk 0:56:11]} Nc6 {[%clk
0:57:51]} 17. Bd2 {[%clk 0:54:25]} a4 {[%clk 0:52:25]} 18. Rfb1 {[%clk 0:53:04]}
axb3 {[%clk 0:46:40]} 19. Qxb3 {[%clk 0:49:07]} Ra7 {[%clk 0:45:10]} 20. Ra2
{[%clk 0:33:52]} Bc7 {[%clk 0:38:41]} 21. Qb5 {[%clk 0:32:00]} Ba5 {[%clk
0:32:23]} 22. Bxa5 {[%clk 0:28:47]} Nxa5 {[%clk 0:24:22]} 23. Qb6 {[%clk
0:25:14]} Ra6 {[%clk 0:24:26]} 24. Qb5 {[%clk 0:25:32]} Rc8 {[%clk 0:21:57]} 25.
Rab2 {[%clk 0:16:32]} Rcc6 {[%clk 0:18:43]} 26. a4 {[%clk 0:15:46]} Qe6 {[%clk
0:18:21]} 27. Kg2 {[%clk 0:13:21]} Nxc4 {[%clk 0:16:41]} 28. Bg4 {[%clk 0:12:34]}
Ne3+ {[%clk 0:12:46]} 29. fxe3 {[%clk 0:12:15]} Qxg4 {[%clk 0:13:09]} 30. Qxb7
{[%clk 0:12:32]} Qxe4+ {[%clk 0:13:23]} 31. Kg1 {[%clk 0:11:18]} Qxe3+ {[%clk
0:13:31]} 32. Kg2 {[%clk 0:11:43]} h6 {[%clk 0:12:18]} 33. Qb8+ {[%clk 0:11:31]}
Kh7 {[%clk 0:12:39]} 34. Rf1 {[%clk 0:11:23]} Rf6 {[%clk 0:12:04]} 35. Rxf6
{[%clk 0:08:35]} Rxf6 {[%clk 0:12:25]} 36. Qb7 {[%clk 0:08:45]} Qf2+ {[%clk
0:10:55]} 37. Kh3 {[%clk 0:09:03]} Qf5+ {[%clk 0:11:06]} 38. g4 {[%clk 0:08:36]}
Qf1+ {[%clk 0:09:59]} 39. Qg2 {[%clk 0:08:37]} Qxg2+ {[%clk 0:09:48]} 40. Kxg2
{[%clk 0:38:58]} e4 {[%clk 0:39:23]} 41. Rc2 {[%clk 0:38:37]} Rc6 {[%clk
0:38:56]} 42. a5 {[%clk 0:38:41]} d3 {[%clk 0:39:04]} 43. Ra2 {[%clk 0:38:30]} c4
{[%clk 0:38:23]} 44. exd3 {[%clk 0:38:30]} c3 {[%clk 0:37:04]} 45. a6 {[%clk
0:38:07]} exd3 {[%clk 0:37:24]} 46. a7 {[%clk 0:38:00]} Rc8 {[%clk 0:37:48]} 47.
Kf2 {[%clk 0:37:58]} c2 {[%clk 0:38:11]} 48. Ra1 {[%clk 0:38:01]} d2 {[%clk
0:38:33]} 49. a8Q {[%clk 0:34:19]} Rxa8 {[%clk 0:38:58]} 50. Rxa8 {[%clk
0:34:40]} d1Q {[%clk 0:39:17]} 0-1

[Event "46th Greek Team Championship"]
[Site "chess24.com"]
[Date "2018.07.11"]
[Round "2"]
[White "Vlahos, Kiriakos"]
[Black "Gkogkas, Dimitrios"]
[Result "1/2-1/2"]
[Board "4"]
[WhiteElo "2293"]
[WhiteTitle "FM"]
[WhiteCountry "GRE"]
[WhiteFideId "4200594"]
[WhiteEloChange "-6"]
[BlackElo "2038"]
[BlackCountry "GRE"]
[BlackFideId "4200462"]
[BlackEloChange "6"]

1. c4 {[%clk 1:26:56]} g6 {[%clk 1:29:52]} 2. Nc3 {[%clk 1:22:19]} Bg7 {[%clk
1:27:49]} 3. d4 {[%clk 1:22:30]} Nf6 {[%clk 1:27:34]} 4. e4 {[%clk 1:22:43]} O-O
{[%clk 1:27:50]} 5. f4 {[%clk 1:23:01]} d6 {[%clk 1:28:06]} 6. Nf3 {[%clk
1:23:24]} c5 {[%clk 1:26:20]} 7. d5 {[%clk 1:22:00]} e6 {[%clk 1:24:37]} 8. Be2
{[%clk 1:22:24]} exd5 {[%clk 1:24:49]} 9. cxd5 {[%clk 1:22:49]} Re8 {[%clk
1:17:15]} 10. e5 {[%clk 1:21:12]} dxe5 {[%clk 1:17:19]} 11. fxe5 {[%clk 1:21:36]}
Ng4 {[%clk 1:17:42]} 12. Bg5 {[%clk 1:21:59]} f6 {[%clk 1:12:19]} 13. exf6 {[%clk
1:22:11]} Bxf6 {[%clk 1:12:47]} 14. Qd2 {[%clk 1:22:25]} Bf5 {[%clk 1:08:16]} 15.
h3 {[%clk 1:16:52]} Bxg5 {[%clk 1:06:26]} 16. Qxg5 {[%clk 1:15:09]} Qxg5 {[%clk
1:01:15]} 17. Nxg5 {[%clk 1:15:21]} Ne5 {[%clk 0:56:05]} 18. O-O-O {[%clk
1:12:35]} c4 {[%clk 0:52:51]} 19. Nge4 {[%clk 1:00:34]} Rd8 {[%clk 0:39:01]} 20.
Rhe1 {[%clk 1:00:23]} Na6 {[%clk 0:33:30]} 21. Bf1 {[%clk 0:58:07]} Nb4 {[%clk
0:24:26]} 22. Nf6+ {[%clk 0:47:53]} Kg7 {[%clk 0:23:09]} 23. Nh5+ {[%clk
0:46:56]} gxh5 {[%clk 0:20:50]} 24. Rxe5 {[%clk 0:47:19]} Rf8 {[%clk 0:17:09]}
25. Re7+ {[%clk 0:42:00]} Rf7 {[%clk 0:16:42]} 26. Rxf7+ {[%clk 0:42:25]} Kxf7
{[%clk 0:17:02]} 27. Bxc4 {[%clk 0:42:04]} Rc8 {[%clk 0:12:24]} 28. Rd4 {[%clk
0:40:37]} Kf6 {[%clk 0:09:03]} 29. a3 {[%clk 0:37:49]} Ke5 {[%clk 0:09:04]} 30.
Rh4 {[%clk 0:37:47]} b5 {[%clk 0:03:46]} 31. Rxh5 {[%clk 0:16:12]} Rxc4 {[%clk
0:02:04]} 32. g4 {[%clk 0:10:46]} Na2+ {[%clk 0:01:13]} 33. Kd2 {[%clk 0:10:06]}
Rd4+ {[%clk 0:01:04]} 34. Ke1 {[%clk 0:08:10]} Nxc3 {[%clk 0:00:40]} 35. Rxf5+
{[%clk 0:08:36]} Kd6 {[%clk 0:00:53]} 36. bxc3 {[%clk 0:09:01]} Rd3 {[%clk
0:01:13]} 37. Rh5 {[%clk 0:01:50]} Rxc3 {[%clk 0:01:21]} 38. Kd2 {[%clk 0:01:53]}
Rxa3 {[%clk 0:01:34]} 39. Rxh7 {[%clk 0:02:14]} a5 {[%clk 0:01:17]} 40. g5 {[%clk
0:31:56]} Rg3 {[%clk 0:01:08]} 41. h4 {[%clk 0:31:17]} a4 {[%clk 0:30:32]} 42.
Rb7 {[%clk 0:29:08]} Rh3 {[%clk 0:24:51]} 43. Rxb5 {[%clk 0:27:14]} Rxh4 {[%clk
0:25:09]} 44. Ke3 {[%clk 0:24:22]} Rg4 {[%clk 0:23:49]} 45. g6 {[%clk 0:24:24]}
Ke5 {[%clk 0:22:39]} 46. d6+ {[%clk 0:20:51]} Kxd6 {[%clk 0:21:00]} 47. Kf3
{[%clk 0:17:30]} Rg1 {[%clk 0:20:29]} 48. Kf2 {[%clk 0:17:42]} Rg4 {[%clk
0:20:45]} 49. Kf3 {[%clk 0:17:32]} Rg1 {[%clk 0:21:10]} 50. Kf2 {[%clk 0:17:57]}
Rg4 {[%clk 0:21:09]} 51. Kf3 {[%clk 0:15:40]} Rg1 {[%clk 0:21:35]} 52. Kf4 {[%clk
0:15:17]} Ke7 {[%clk 0:19:51]} 53. Kf5 {[%clk 0:14:57]} Kf8 {[%clk 0:20:00]} 54.
Ra5 {[%clk 0:15:02]} Rf1+ {[%clk 0:20:08]} 1/2-1/2

[Event "46th Greek Team Championship"]
[Site "chess24.com"]
[Date "2018.07.11"]
[Round "2"]
[White "Marinakis, Hristos"]
[Black "Serpetsidakis, Nikolaos"]
[Result "1/2-1/2"]
[Board "9"]
[WhiteElo "1942"]
[WhiteCountry "GRE"]
[WhiteFideId "4294661"]
[WhiteEloChange "4"]
[BlackElo "2087"]
[BlackCountry "GRE"]
[BlackFideId "4260678"]
[BlackEloChange "-4"]

1. d4 {[%clk 1:30:55]} d5 {[%clk 1:28:00]} 2. Nf3 {[%clk 1:30:48]} Nf6 {[%clk
1:28:24]} 3. c4 {[%clk 1:31:09]} c6 {[%clk 1:28:50]} 4. Qc2 {[%clk 1:31:01]} dxc4
{[%clk 1:28:35]} 5. Qxc4 {[%clk 1:31:25]} Bg4 {[%clk 1:28:33]} 6. Nbd2 {[%clk
1:28:52]} Nbd7 {[%clk 1:28:36]} 7. g3 {[%clk 1:26:23]} e6 {[%clk 1:27:33]} 8. Bg2
{[%clk 1:26:31]} Be7 {[%clk 1:27:28]} 9. O-O {[%clk 1:25:32]} O-O {[%clk
1:27:50]} 10. Rd1 {[%clk 1:14:38]} a5 {[%clk 1:23:48]} 11. Ne5 {[%clk 1:08:54]}
Bh5 {[%clk 1:21:49]} 12. Nxd7 {[%clk 1:05:42]} Qxd7 {[%clk 1:14:11]} 13. Ne4
{[%clk 1:02:34]} Rfc8 {[%clk 1:01:13]} 14. Nxf6+ {[%clk 0:56:02]} Bxf6 {[%clk
1:01:21]} 15. Bf4 {[%clk 0:56:00]} Rd8 {[%clk 0:51:00]} 16. Rd2 {[%clk 0:47:48]}
g5 {[%clk 0:47:56]} 17. Be3 {[%clk 0:48:04]} Bg6 {[%clk 0:47:59]} 18. Rad1 {[%clk
0:43:33]} Ra6 {[%clk 0:39:35]} 19. Qc1 {[%clk 0:35:26]} Qe7 {[%clk 0:28:31]} 20.
f3 {[%clk 0:28:00]} Qb4 {[%clk 0:22:36]} 21. Bf2 {[%clk 0:24:06]} Raa8 {[%clk
0:19:11]} 22. e4 {[%clk 0:21:36]} Rac8 {[%clk 0:17:01]} 23. Be3 {[%clk 0:18:06]}
Bh5 {[%clk 0:11:00]} 24. Rd3 {[%clk 0:13:34]} h6 {[%clk 0:10:23]} 25. Qd2 {[%clk
0:06:07]} Qxd2 {[%clk 0:06:51]} 26. R1xd2 {[%clk 0:06:32]} Rd7 {[%clk 0:05:47]}
27. f4 {[%clk 0:03:49]} Bg6 {[%clk 0:05:34]} 28. Ra3 {[%clk 0:02:23]} Be7 {[%clk
0:05:01]} 29. Rad3 {[%clk 0:02:14]} Rcd8 {[%clk 0:03:22]} 30. g4 {[%clk 0:01:48]}
gxf4 {[%clk 0:01:25]} 31. Bxf4 {[%clk 0:02:15]} c5 {[%clk 0:00:53]} 32. d5 {[%clk
0:01:30]} c4 {[%clk 0:01:04]} 33. Rh3 {[%clk 0:01:03]} Bg5 {[%clk 0:00:46]} 34.
Bxg5 {[%clk 0:01:18]} hxg5 {[%clk 0:01:15]} 35. Rc3 {[%clk 0:01:01]} exd5 {[%clk
0:01:00]} 36. Rxd5 {[%clk 0:00:45]} Rxd5 {[%clk 0:00:41]} 37. exd5 {[%clk
0:01:11]} Bd3 {[%clk 0:00:33]} 38. a4 {[%clk 0:01:11]} Be2 {[%clk 0:00:36]} 39.
Kf2 {[%clk 0:00:58]} Bxg4 {[%clk 0:00:34]} 40. Rxc4 {[%clk 0:31:21]} Bd7 {[%clk
0:30:32]} 41. b4 {[%clk 0:26:00]} axb4 {[%clk 0:21:29]} 42. Rxb4 {[%clk 0:26:25]}
b6 {[%clk 0:21:48]} 43. Rxb6 {[%clk 0:18:50]} Bxa4 {[%clk 0:21:58]} 44. Bf3
{[%clk 0:16:44]} Kf8 {[%clk 0:18:11]} 45. Rb4 {[%clk 0:14:48]} Bd7 {[%clk
0:17:55]} 46. h4 {[%clk 0:15:09]} gxh4 {[%clk 0:16:19]} 47. Rxh4 {[%clk 0:15:34]}
Ke7 {[%clk 0:16:44]} 48. Rh6 {[%clk 0:15:04]} Bf5 {[%clk 0:16:39]} 49. Rb6 {[%clk
0:14:02]} Rd6 {[%clk 0:16:09]} 50. Rxd6 {[%clk 0:13:59]} Kxd6 {[%clk 0:16:37]}
51. Ke3 {[%clk 0:13:14]} Ke5 {[%clk 0:16:48]} 52. Bh5 {[%clk 0:13:27]} f6 {[%clk
0:17:07]} 53. Bf7 {[%clk 0:13:20]} Bc8 {[%clk 0:17:17]} 54. Bg6 {[%clk 0:13:02]}
Bb7 {[%clk 0:17:21]} 55. d6 {[%clk 0:13:17]} Bc6 {[%clk 0:17:45]} 56. Bh7 {[%clk
0:13:28]} Kxd6 {[%clk 0:17:55]} 57. Kf4 {[%clk 0:13:54]} 1/2-1/2

[Event "46th Greek Team Championship"]
[Site "chess24.com"]
[Date "2018.07.11"]
[Round "2"]
[White "Sadzikowski, Daniel"]
[Black "Banikas, Hristos"]
[Result "1/2-1/2"]
[Board "1"]
[WhiteElo "2567"]
[WhiteTitle "GM"]
[WhiteCountry "POL"]
[WhiteFideId "1132253"]
[BlackElo "2591"]
[BlackTitle "GM"]
[BlackCountry "GRE"]
[BlackFideId "4202031"]

1. e4 {[%clk 1:30:52]} c5 {[%clk 1:30:53]} 2. Nf3 {[%clk 1:31:15]} d6 {[%clk
1:31:17]} 3. Bb5+ {[%clk 1:31:30]} Nd7 {[%clk 1:31:32]} 4. Ba4 {[%clk 1:30:56]}
Nf6 {[%clk 1:31:28]} 5. O-O {[%clk 1:31:12]} a6 {[%clk 1:30:29]} 6. c4 {[%clk
1:31:27]} g6 {[%clk 1:23:13]} 7. Nc3 {[%clk 1:31:49]} Bg7 {[%clk 1:23:19]} 8. h3
{[%clk 1:27:53]} O-O {[%clk 1:21:41]} 9. d3 {[%clk 1:28:05]} Ne5 {[%clk 1:17:58]}
10. Nxe5 {[%clk 1:16:37]} dxe5 {[%clk 1:18:24]} 11. Rb1 {[%clk 1:16:52]} Qd6
{[%clk 1:16:04]} 12. a3 {[%clk 1:15:29]} Rd8 {[%clk 1:11:01]} 13. Bc2 {[%clk
1:13:15]} Nh5 {[%clk 1:06:02]} 14. b4 {[%clk 1:12:22]} Nf4 {[%clk 1:06:25]} 15.
Be3 {[%clk 1:07:35]} Ne6 {[%clk 1:00:44]} 16. Nd5 {[%clk 1:06:42]} Nd4 {[%clk
0:51:55]} 17. Bxd4 {[%clk 1:02:18]} exd4 {[%clk 0:52:04]} 18. f4 {[%clk 1:01:33]}
e6 {[%clk 0:50:35]} 19. e5 {[%clk 1:01:10]} Qf8 {[%clk 0:48:11]} 20. Nb6 {[%clk
1:01:10]} Ra7 {[%clk 0:48:11]} 21. Qc1 {[%clk 0:39:14]} Qe7 {[%clk 0:47:37]} 22.
Bd1 {[%clk 0:33:05]} Bf8 {[%clk 0:44:25]} 23. b5 {[%clk 0:30:25]} Bd7 {[%clk
0:42:29]} 24. Nxd7 {[%clk 0:22:16]} Rxd7 {[%clk 0:42:53]} 25. Bf3 {[%clk
0:21:03]} b6 {[%clk 0:43:08]} 26. bxa6 {[%clk 0:19:23]} Rxa6 {[%clk 0:43:33]} 27.
Be4 {[%clk 0:18:31]} Rda7 {[%clk 0:41:11]} 28. Rb3 {[%clk 0:18:59]} h5 {[%clk
0:40:42]} 29. g3 {[%clk 0:18:32]} Qd8 {[%clk 0:38:41]} 30. Kg2 {[%clk 0:16:27]}
Kg7 {[%clk 0:34:09]} 31. Rf2 {[%clk 0:11:56]} f5 {[%clk 0:29:52]} 32. Bf3 {[%clk
0:08:25]} Kf7 {[%clk 0:28:18]} 33. h4 {[%clk 0:08:48]} Be7 {[%clk 0:28:18]}
1/2-1/2

[Event "46th Greek Team Championship"]
[Site "chess24.com"]
[Date "2018.07.11"]
[Round "2"]
[White "Galopoulos, Nikolaos"]
[Black "Giannoulakis, Lampros"]
[Result "1/2-1/2"]
[Board "2"]
[WhiteElo "2351"]
[WhiteCountry "GRE"]
[WhiteFideId "4208951"]
[WhiteEloChange "-2"]
[BlackElo "2287"]
[BlackTitle "FM"]
[BlackCountry "GRE"]
[BlackFideId "4247019"]
[BlackEloChange "2"]

1. e4 {[%clk 1:30:52]} c5 {[%clk 1:30:38]} 2. Nc3 {[%clk 1:31:16]} d6 {[%clk
1:30:01]} 3. d4 {[%clk 1:31:36]} cxd4 {[%clk 1:29:49]} 4. Qxd4 {[%clk 1:32:00]}
Nc6 {[%clk 1:29:57]} 5. Qd2 {[%clk 1:32:29]} Nf6 {[%clk 1:29:51]} 6. b3 {[%clk
1:32:53]} e6 {[%clk 1:20:42]} 7. Bb2 {[%clk 1:33:17]} Be7 {[%clk 1:21:00]} 8.
O-O-O {[%clk 1:33:17]} O-O {[%clk 1:20:57]} 9. f4 {[%clk 1:28:36]} a6 {[%clk
1:20:19]} 10. Nf3 {[%clk 1:28:51]} b5 {[%clk 1:16:29]} 11. g4 {[%clk 1:09:11]} b4
{[%clk 1:07:39]} 12. g5 {[%clk 1:09:23]} bxc3 {[%clk 0:50:41]} 13. Qxc3 {[%clk
1:09:47]} Qb6 {[%clk 0:43:15]} 14. gxf6 {[%clk 1:09:38]} Bxf6 {[%clk 0:43:39]}
15. Qe1 {[%clk 1:06:54]} Bxb2+ {[%clk 0:43:05]} 16. Kxb2 {[%clk 1:07:23]} a5
{[%clk 0:35:25]} 17. Rxd6 {[%clk 0:57:56]} Qc5 {[%clk 0:34:56]} 18. Rd3 {[%clk
0:55:26]} Bb7 {[%clk 0:29:11]} 19. Rc3 {[%clk 0:46:43]} Qe7 {[%clk 0:23:23]} 20.
a4 {[%clk 0:43:31]} Rac8 {[%clk 0:22:57]} 21. Rg1 {[%clk 0:43:03]} Nb4 {[%clk
0:16:20]} 22. Bc4 {[%clk 0:42:36]} Qf6 {[%clk 0:15:51]} 23. Qe3 {[%clk 0:41:43]}
Rc7 {[%clk 0:11:43]} 24. Ne5 {[%clk 0:39:34]} Rfc8 {[%clk 0:12:02]} 25. Ng4
{[%clk 0:32:41]} Qe7 {[%clk 0:10:23]} 26. Qd4 {[%clk 0:32:49]} Kf8 {[%clk
0:09:36]} 27. Rh3 {[%clk 0:32:08]} Qc5 {[%clk 0:04:32]} 28. Qxc5+ {[%clk
0:29:12]} Rxc5 {[%clk 0:04:59]} 29. Ne5 {[%clk 0:29:37]} Bxe4 {[%clk 0:02:00]}
30. Nd7+ {[%clk 0:29:58]} Ke7 {[%clk 0:01:53]} 31. Nxc5 {[%clk 0:30:20]} Rxc5
{[%clk 0:02:21]} 32. c3 {[%clk 0:29:24]} Nd5 {[%clk 0:02:39]} 33. Bxd5 {[%clk
0:28:52]} Rxd5 {[%clk 0:03:05]} 34. Rxg7 {[%clk 0:27:55]} Rd2+ {[%clk 0:02:41]}
35. Ka3 {[%clk 0:28:05]} Rf2 {[%clk 0:02:11]} 36. Rg5 {[%clk 0:27:30]} Bf5 {[%clk
0:01:26]} 37. Rxf5 {[%clk 0:26:51]} exf5 {[%clk 0:01:52]} 38. Re3+ {[%clk
0:27:05]} Kd6 {[%clk 0:02:15]} 39. Re5 {[%clk 0:27:30]} Rxf4 {[%clk 0:01:56]} 40.
Rxa5 {[%clk 0:57:57]} Rf1 {[%clk 0:32:16]} 41. Kb4 {[%clk 0:56:11]} f4 {[%clk
0:32:14]} 42. Rh5 {[%clk 0:54:50]} f3 {[%clk 0:32:25]} 43. Kc4 {[%clk 0:45:03]}
Ke6 {[%clk 0:24:31]} 44. Rh3 {[%clk 0:35:33]} Kf5 {[%clk 0:12:54]} 45. Kd3 {[%clk
0:33:16]} Kg4 {[%clk 0:12:34]} 1/2-1/2